Aeration : (Record no. 331929)
[ view plain ]
| 000 -LEADER | |
|---|---|
| fixed length control field | 01456cam a22003014a 4500 |
| 001 - CONTROL NUMBER | |
| control field | 12553512 |
| 003 - CONTROL NUMBER IDENTIFIER | |
| control field | NUST |
| 005 - DATE AND TIME OF LATEST TRANSACTION | |
| control field | 20171102125450.0 |
| 008 - FIXED-LENGTH DATA ELEMENTS--GENERAL INFORMATION | |
| fixed length control field | 011002s2002 fluaf b 001 0 eng |
| 010 ## - LIBRARY OF CONGRESS CONTROL NUMBER | |
| LC control number | 2001052466 |
| 020 ## - INTERNATIONAL STANDARD BOOK NUMBER | |
| International Standard Book Number | 1566769485 (alk. paper) |
| 040 ## - CATALOGING SOURCE | |
| Original cataloging agency | DLC |
| Transcribing agency | DLC |
| Modifying agency | DLC |
| 042 ## - AUTHENTICATION CODE | |
| Authentication code | pcc |
| 050 00 - LIBRARY OF CONGRESS CALL NUMBER | |
| Classification number | TD758 |
| Item number | .M84 2002 |
| 082 00 - DEWEY DECIMAL CLASSIFICATION NUMBER | |
| Classification number | 628.35 MUE |
| Edition number | 21 |
| 100 1# - MAIN ENTRY--PERSONAL NAME | |
| Personal name | Mueller, James A. |
| 9 (RLIN) | 5872 |
| 245 10 - TITLE STATEMENT | |
| Title | Aeration : |
| Remainder of title | principles and practice / |
| Statement of responsibility, etc. | James A. Mueller, William C. Boyle, H. Johannes Pöpel ; with significant contributions from Martin Wagner, David E. Gibson, Yeong-Kwan Kim. |
| 260 ## - PUBLICATION, DISTRIBUTION, ETC. | |
| Place of publication, distribution, etc. | Boca Raton : |
| Name of publisher, distributor, etc. | CRC Press, |
| Date of publication, distribution, etc. | c2002. |
| 300 ## - PHYSICAL DESCRIPTION | |
| Extent | 353 p., [4] p. of plates : |
| Other physical details | ill. (some col.) ; |
| Dimensions | 25 cm. |
| 440 #0 - SERIES STATEMENT/ADDED ENTRY--TITLE | |
| Title | Water quality management library ; |
| Volume/sequential designation | v. 11 |
| 9 (RLIN) | 5873 |
| 500 ## - GENERAL NOTE | |
| General note | H.B |
| 504 ## - BIBLIOGRAPHY, ETC. NOTE | |
| Bibliography, etc. note | Includes bibliographical references and index. |
| 650 #0 - SUBJECT ADDED ENTRY--TOPICAL TERM | |
| Topical term or geographic name entry element | Sewage |
| General subdivision | Purification |
| -- | Aeration. |
| 9 (RLIN) | 5874 |
| 700 1# - ADDED ENTRY--PERSONAL NAME | |
| Personal name | Boyle, William C. |
| Fuller form of name | (William Charles), |
| Dates associated with a name | 1936- |
| 9 (RLIN) | 5875 |
| 700 1# - ADDED ENTRY--PERSONAL NAME | |
| Personal name | Pöpel, H. Johannes. |
| 9 (RLIN) | 5876 |
| 856 41 - ELECTRONIC LOCATION AND ACCESS | |
| Materials specified | Table of contents only |
| Uniform Resource Identifier | <a href="http://www.loc.gov/catdir/toc/fy022/2001052466.html">http://www.loc.gov/catdir/toc/fy022/2001052466.html</a> |
| 856 42 - ELECTRONIC LOCATION AND ACCESS | |
| Materials specified | Publisher description |
| Uniform Resource Identifier | <a href="http://www.loc.gov/catdir/enhancements/fy0646/2001052466-d.html">http://www.loc.gov/catdir/enhancements/fy0646/2001052466-d.html</a> |
| 906 ## - LOCAL DATA ELEMENT F, LDF (RLIN) | |
| a | 7 |
| b | cbc |
| c | orignew |
| d | 1 |
| e | ocip |
| f | 20 |
| g | y-gencatlg |
| 942 ## - ADDED ENTRY ELEMENTS (KOHA) | |
| Source of classification or shelving scheme | |
| Koha item type | Book |
| Call number prefix | IESE |
| Withdrawn status | Lost status | Source of classification or shelving scheme | Damaged status | Not for loan | Collection code | Permanent Location | Current Location | Shelving location | Date acquired | Total Checkouts | Full call number | Barcode | Date last seen | Price effective from | Koha item type |
|---|---|---|---|---|---|---|---|---|---|---|---|---|---|---|---|
| Institute of Environmental Science and Engineering (IESE) | Institute of Environmental Science and Engineering (IESE) | General Stacks | 11/02/2017 | 628.35 MUE | IESE-1115 | 11/02/2017 | 11/02/2017 | Book |
